Žarnovický mesačník noviny občanov mesta Žarnovica a okolia

Bibliographic Details
Format: Journal
Language:Slovak
PhysicalDescription:zv. 30 cm
Published: Žarnovica Mesto Žarnovica 1994-
Žarnovica Mestský podnik služieb
ISSN:1338-8649
Subjects:
Online Access:http://www.zarnovica.sk/zarnovicky-mesacnik.phtml?id5=21990

MARC

LEADER 00000cas a2200000 a 4500
001 vtls008155599
003 SK-MaSNL
005 20260228155908.0
008 050523c19949999xo mr p 0 b0slo
022 |a 1338-8649 
040 |a SNK  |b slo  |c SNK  |e AACR2 
041 |a slo 
044 |a xo  |c SK 
072 0 7 |a 352/354  |x Stupne miestnej, oblastnej a ústrednej správy  |2 konspekt 
072 0 7 |a 316  |x Sociológia  |2 konspekt 
080 |a 908(437.6)  |2 2011 
080 |a 316.728  |2 2011 
080 |a 050  |2 2011 
080 |a 353.9  |2 2011 
080 |a (437.642.123.128)  |2 2011 
210 0 |a Žarnovický mesač. 
222 0 |a Žarnovický mesačník 
245 0 0 |a Žarnovický mesačník  |b noviny občanov mesta Žarnovica a okolia 
260 |a Žarnovica  |b Mesto Žarnovica  |c 1994- 
260 3 |3 2010-  |a Žarnovica  |b Mestský podnik služieb 
300 |a zv.  |c 30 cm 
310 |a 1x mesačne 
362 |a Roč. 1, č. 1 (1994)- 
500 |a Popis podľa: Roč. VIII, č. 1 (2001)- 
500 |a Registračné č.: OÚ/SK/OMK-3/94 
500 |a Predchádzajúci podnázov: mesačník pre občanov mesta Žarnovice a okolia 
500 |a Redaktori sa menia 
500 |a Evidenčné číslo: EV 3338/09 
515 |a Č. 1/2017 má označenie roč. XIV, správne má byť roč. XXIV 
515 |a V roku 2005 je č. 1-2 označené ako ročník 11; od č. 3 je ročník 12 
515 |a V roku 2009 je č. 1 uvedené ako č. 12/2009 , roč.15; od č. 2 je roč. 16 
650 |a spoločenský život  |2 SNKPH  |9 28654 
651 7 |a Žarnovica (Slovensko)  |2 SNKPHgeo  |9 40693 
655 7 |a regionálne noviny  |2 SNKPH  |9 265294 
710 1 |a Žarnovica (Slovensko).  |b Mestský úrad  |4 pbl  |9 54387 
856 4 1 |u http://www.zarnovica.sk/zarnovicky-mesacnik.phtml?id5=21990 
910 |a snk 
916 |a 2001-2015, 2016-2019 
999 |c 840  |d 840 
952 |0 0  |1 0  |4 0  |7 0  |8 0  |a SNK  |b SNK  |d 2006-05-15  |f 1  |i snk2006/9672  |l 0  |o snkČSB 5417/11/2004  |p 17A0488974  |r 2026-02-21 19:52:29  |t č. 1-12  |w 2026-02-21  |y PREZ 
952 |0 0  |1 0  |4 0  |7 0  |8 0  |a SNK  |b SNK  |d 2007-06-06  |f 1  |i snk2007/14618  |l 0  |o snkČSB 5417/8/2001  |p 17A0488354  |r 2026-02-21 20:20:47  |t č. 1-12  |w 2026-02-21  |y PREZ 
952 |0 0  |1 0  |4 0  |7 0  |8 0  |a SNK  |b SNK  |d 2007-06-06  |f 1  |i snk2007/14743  |l 0  |o snkČSB 5417/9/2002  |p 17A0488355  |r 2026-02-21 20:20:47  |t č. 1-12  |w 2026-02-21  |y PREZ 
952 |0 0  |1 0  |4 0  |7 0  |8 0  |a SNK  |b SNK  |d 2007-06-06  |f 1  |i snk2007/14747  |l 0  |o snkČSB 5417/10/2003  |p 17A0488356  |r 2026-02-21 20:20:47  |t č. 1-12  |w 2026-02-21  |y PREZ 
952 |0 0  |1 0  |4 0  |7 0  |8 0  |a SNK  |b SNK  |d 2021-06-17  |f 1  |i snk2021/7260  |l 0  |o snkČSB 5417/23/2016  |p 17A1433962  |r 2026-02-21 21:39:50  |t č. 1-12  |w 2026-02-21  |y PREZ 
952 |0 0  |1 0  |4 0  |7 0  |8 0  |a SNK  |b SNK  |d 2021-06-17  |f 1  |i snk2021/7275  |l 0  |o snkČSB 5417/14[24]/2017  |p 17A1433963  |r 2026-02-21 21:39:50  |t č. 1-12  |w 2026-02-21  |y PREZ  |z č. 1 má označenie roč. XIV, správne má byť roč. XXIV 
952 |0 0  |1 0  |4 0  |7 0  |8 0  |a SNK  |b SNK  |d 2021-06-17  |f 1  |i snk2021/7276  |l 0  |o snkČSB 5417/25/2018  |p 17A1433964  |r 2026-02-21 21:39:50  |t č. 1-12  |w 2026-02-21  |y PREZ 
952 |0 0  |1 0  |4 0  |7 0  |8 0  |a SNK  |b SNK  |d 2021-06-17  |f 1  |i snk2021/7277  |l 0  |o snkČSB 5417/26/2019  |p 17A1433965  |r 2026-02-21 21:39:51  |t č. 1-12  |w 2026-02-21  |y PREZ 
952 |0 0  |1 0  |4 0  |7 0  |8 0  |a SNK  |b SNK  |d 2021-06-17  |f 1  |i snk2021/7278  |l 0  |o snkČSB 5417/27/2020  |p 17A1433966  |r 2026-02-21 21:39:51  |t č. 1-12  |w 2026-02-21  |y PREZ 
952 |0 0  |1 0  |4 0  |7 0  |8 0  |a SNK  |b SNK  |d 2016-03-07  |f 1  |i snk2016/6484  |l 0  |o snkČSB 5417/12/2005  |p 17A1098374  |r 2026-02-21 22:02:38  |t č. 1-12  |w 2026-02-21  |y PREZ  |z na č. 1-2/2005 je označený ročník 11; od č.3-12/2005 je ročník 12 
952 |0 0  |1 0  |4 0  |7 0  |8 0  |a SNK  |b SNK  |d 2016-03-07  |f 1  |i snk2016/6487  |l 0  |o snkČSB 5417/13/2006  |p 17A1098373  |r 2026-02-21 22:02:38  |t č. 1-12  |w 2026-02-21  |y PREZ 
952 |0 0  |1 0  |4 0  |7 0  |8 0  |a SNK  |b SNK  |d 2016-03-07  |f 1  |i snk2016/6488  |l 0  |o snkČSB 5417/14/2007  |p 17A1098372  |r 2026-02-21 22:02:38  |t č. 1-12  |w 2026-02-21  |y PREZ 
952 |0 0  |1 0  |4 0  |7 0  |8 0  |a SNK  |b SNK  |d 2016-03-07  |f 1  |i snk2016/6489  |l 0  |o snkČSB 5417/15/2008  |p 17A1098371  |r 2026-02-21 22:02:38  |t č. 1-12  |w 2026-02-21  |y PREZ 
952 |0 0  |1 0  |4 0  |7 0  |8 0  |a SNK  |b SNK  |d 2016-03-07  |f 1  |i snk2016/6492  |l 0  |o snkČSB 5417/16/2009  |p 17A1098370  |r 2026-02-21 22:02:38  |t č. 1-12  |w 2026-02-21  |y PREZ  |z roč.16, č.1/2009 je uvedené ako roč.15, č.12/2009 
952 |0 0  |1 0  |4 0  |7 0  |8 0  |a SNK  |b SNK  |d 2016-03-07  |f 1  |i snk2016/6494  |l 0  |o snkČSB 5417/17/2010  |p 17A1098369  |r 2026-02-21 22:02:38  |t č. 1-12  |w 2026-02-21  |y PREZ 
952 |0 0  |1 0  |4 0  |7 0  |8 0  |a SNK  |b SNK  |d 2016-03-07  |f 1  |i snk2016/6496  |l 0  |o snkČSB 5417/18/2011  |p 17A1098368  |r 2026-02-21 22:02:38  |t č. 1-12  |w 2026-02-21  |y PREZ 
952 |0 0  |1 0  |4 0  |7 0  |8 0  |a SNK  |b SNK  |d 2016-03-07  |f 1  |i snk2016/6498  |l 0  |o snkČSB 5417/19/2012  |p 17A1098367  |r 2026-02-21 22:02:38  |t č. 1-12  |w 2026-02-21  |y PREZ 
952 |0 0  |1 0  |4 0  |7 0  |8 0  |a SNK  |b SNK  |d 2016-03-07  |f 1  |i snk2016/6500  |l 0  |o snkČSB 5417/20/2013  |p 17A1098366  |r 2026-02-21 22:02:38  |t č. 1-12  |w 2026-02-21  |y PREZ 
952 |0 0  |1 0  |4 0  |7 0  |8 0  |a SNK  |b SNK  |d 2016-03-07  |f 1  |i snk2016/6501  |l 0  |o snkČSB 5417/21/2014  |p 17A1098365  |r 2026-02-21 22:02:38  |t č. 1-12  |w 2026-02-21  |y PREZ 
952 |0 0  |1 0  |4 0  |7 0  |8 0  |a SNK  |b SNK  |d 2016-03-07  |f 1  |i snk2016/6502  |l 0  |o snkČSB 5417/22/2015  |p 17A1098364  |r 2026-02-21 22:02:38  |t č. 1-12  |w 2026-02-21  |y PREZ